College Quizbowl Stats
College Quizbowl Stats
Circuits
Seasons
Sets
Records
Detailed Stats
About
Loading...
2024 ESPN @ Chicago
Tossups
Bonuses
Players
Teams
Categories (Tossup)
Categories (Bonus)
featuring Robert Condron as CLAIRE JONES
Chicago A Minus Minus
Categories
Category
Powers
Gets
Negs
BBs
Points
Earliest Buzz
Avg. Buzz
First Buzzes
Top 3 Buzzes
BPA
PVF
Other Academic
0
2
0
1
20
133
137.50
0
1
0.00
0.00
Social Science
0
2
0
2
20
134
135.50
0
0
0.00
0.00
Fine Arts - Other
0
1
0
0
10
112
112.00
0
1
0.00
0.00
Science - Biology
0
0
1
0
-5
0.00
0
0
0.00
0.00
Buzzes
Category
Answer
Value
Buzz Position
Science - Biology
ventilation
-5
86
Fine Arts - Other
Chrysler
10
112
Other Academic
tetracyclines
10
133
Social Science
/s/
10
134
Social Science
Gricean maxims
10
137
Other Academic
Seagram Building
10
142
Previous
1
Next